| 000 | 00811nam a2200265 a 4500 | ||
|---|---|---|---|
| 003 | MX-MxUPN | ||
| 005 | 20241121122042.0 | ||
| 008 | 021007s1963 fr fr 000 0 fre d | ||
| 035 | _aUPN01000119917 | ||
| 040 |
_aMX-MxUPN _bspa _cMX-MxUPN |
||
| 041 | _afre | ||
| 050 | 4 |
_aLB1027 _bF35 1963 |
|
| 100 | 1 |
_aFailly, Gisèle de, _d1905-1989 _954739 |
|
| 245 | 1 | 3 | _aLe moniteur, la monitrice |
| 250 | _aSixtème édition | ||
| 260 |
_aParís : _bLes Éditions du Scarabée, _c1963. |
||
| 300 | _a158 páginas | ||
| 490 | 0 | _aLa colonie de vacances | |
| 650 | 7 |
_aActividades extraescolares _9144 |
|
| 650 | 7 |
_aActividades recreativas _9147 |
|
| 710 | 2 |
_aInstituto Nacional de Pedagogía (México) _928088 _epropietario anterior |
|
| 902 | _bMaríaRobles/211124 | ||
| 905 | _aLibro | ||
| 942 |
_2lcc _cLIBRO _n0 |
||
| 999 |
_c92267 _d92267 |
||